|
|
|
|
| LEADER |
00000nam#a22000001a#4500 |
| 001 |
00003904 |
| 003 |
AR-BaUAD |
| 005 |
20230908140813.0 |
| 008 |
940701s1971####xxua|||##||||||||#||eng|d |
| 020 |
|
|
|a 0130760188
|
| 040 |
|
|
|a AR-BaUAD
|b spa
|c AR-BaUAD
|
| 041 |
|
|
|a eng
|
| 044 |
|
|
|c us
|2 ISO3166-1
|
| 100 |
1 |
|
|a Stone, Tabor R.
|
| 245 |
1 |
0 |
|a Beyond the automobile :
|b reshaping the transportation environment
|
| 260 |
|
|
|a New Jersey :
|b Prentice Hall,
|c c1971
|
| 300 |
|
|
|a xii, 147 p. :
|b il.
|
| 500 |
|
|
|a En la port.: Tabor R. Stone.
|
| 504 |
|
|
|a Notas bibliográficas de pie de página.
|
| 653 |
|
|
|a URBANISMO
|
| 653 |
|
|
|a TRANSITO
|
| 655 |
|
|
|a TEXTO
|
| 852 |
|
|
|c 42-4
|
| 952 |
|
|
|0 0
|1 0
|4 0
|6 424
|7 0
|9 15593
|a AR-BaUAD
|b AR-BaUAD
|d 0000-00-00
|e compra Carasso
|g 60.00
|i 3904
|l 0
|o 42-4
|p wtxpv3904
|r 2023-09-08 14:08:13
|w 2023-09-08
|y BK
|
| 952 |
|
|
|0 0
|1 0
|4 0
|7 0
|9 15594
|a AR-BaUAD
|b AR-BaUAD
|d 0000-00-00
|e compra Neustalter
|i p.11-297
|l 0
|p za3j6p.11-297
|r 2023-09-08 14:08:13
|w 2023-09-08
|y BK
|
| 990 |
|
|
|a Ej. No1 : 3904 . 30/12/1973 -- compra Carasso -- (60 pesos).
|b ADM
|
| 990 |
|
|
|a Ej. No2 : p.11-297 . 30/12/1973 -- compra Neustalter -- (26,90 pesos).
|b ADM
|
| 990 |
|
|
|a U197
|b TD
|
| 990 |
|
|
|a AAQ00003904
|b CC
|
| 998 |
|
|
|a AAQ
|b Bibun 76
|
| 942 |
|
|
|c BK
|
| 999 |
|
|
|c 6700
|d 6700
|